000 01310nam0a2200361 4500
001 RU\NLR\bibl\1856808
005 20250616181201.0
010 _a978-5-91990-043-6
_9500
021 _aRU
_b2011-99571
_97130
035 _a(nilc)RSL-KNO-005115564
035 _a(NLR Aleph) 001846734
090 _a2346365
_c2346365
100 _a20111216d2011 |||y0rusy50 ca
101 0 _arus
102 _aRU
105 _ay |||||||||
200 1 _aСовременные средства массовой информации США
_e[учебное пособие]
_fБ.А. Калягин
210 _aПенза
_cСоциосфера
_d2011
215 _a56 с.
_d21
320 _aБиблиогр. в подстроч. прим.
606 1 _aСредства массовой информации
_jУчебные издания
_yСоединенные Штаты Америки
_92282270
_3RU\NLR\auth\661367299
686 _aЧ612.4(7США)я73-1
_2rubbk
686 _aЧ630.4(7США)я73-1
_2rubbk
686 _aЧ600.4(7США)я7
700 1 _aКалягин
_bБ. А.
_4070
801 0 _aRU
_bRuMoRKP
_c20111216
_grcr
801 1 _aRU
_bРГБ
_c20111216
801 2 _aRU
_bNLR
_c20120116
_grcr
830 _aавт. в кат. нет
942 _cBOOK
980 _aNB
980 _aNBR